| 000 | 00396nam a2200157Ia 4500 | ||
|---|---|---|---|
| 999 |
_c173 _d173 |
||
| 003 | OSt | ||
| 005 | 20210920124602.0 | ||
| 008 | 190216s9999||||xx |||||||||||||| ||und|| | ||
| 040 | _coclc | ||
| 082 |
_a297 _bDAR/N |
||
| 245 | 0 | _aNadvatul Muhadarat / | |
| 260 | _bDarul Kuthub Ul I Lmiyyah, | ||
| 300 | _a372p | ||
| 650 | _aArabic | ||
| 942 |
_cBK _2ddc _h297 _iDAR/N _k297 _mDAR/N |
||